书目信息 |
| 题名: |
中原工业文明遗产研究
|
|
| 作者: | 高长征 , 闫芳 著 | |
| 分册: | ||
| 出版信息: | 北京 中国水利水电出版社 2015.08 |
|
| 页数: | 243页 | |
| 开本: | 26cm | |
| 丛书名: | ||
| 单 册: | ||
| 中图分类: | TU27 | |
| 科图分类: | ||
| 主题词: | 工业建筑--建筑设计 | |
| 电子资源: | ||
| ISBN: | 7-5170-3543-6 | |
| 000 | 00636nam0 2200205 450 | |
| 001 | 229 | |
| 005 | 20160906090211.79 | |
| 010 | @a7-5170-3543-6@dCNY48.00 | |
| 100 | @a20160721d2015 km y0chiy0120 ea | |
| 101 | 0 | @achi |
| 102 | @aCN@b110000 | |
| 200 | 1 | @a中原工业文明遗产研究@Azhong yuan gong ye wen ming yi chan yan jiu@f高长征,闫芳著@Fgao chang zheng,yan fang zhu |
| 210 | @a北京@c中国水利水电出版社@d2015.08 | |
| 215 | @a243页@d26cm | |
| 606 | 0 | @a工业建筑@x建筑设计 |
| 690 | @aTU27@v4 | |
| 701 | 0 | @a高长征@Agao chang zheng@4著 |
| 701 | 0 | @a闫芳@Ayan fang@4著 |
| 801 | 0 | @aCN@b唐山师范学院图书馆@c20160721 |
| 905 | @aZUCC@dTU27@e741 | |
| 中原工业文明遗产研究/高长征,闫芳著.-北京:中国水利水电出版社,2015.08 |
| 243页;26cm |
| ISBN 7-5170-3543-6:CNY48.00 |
| ● |
| 相关链接 |
|
|
|
|
正题名:中原工业文明遗产研究
索取号:TU27/741
 
预约/预借
| 序号 | 登录号 | 条形码 | 馆藏地/架位号 | 状态 | 备注 |
| 1 | 900979 | 209009794 | 第二样本阅览室/ [索取号:TU27/741] | 在馆 | |
| 2 | 900980 | 209009801 | 第三借阅区/ [索取号:TU27/741] | 在馆 | |
| 3 | 900981 | 209009810 | 第三借阅区/ [索取号:TU27/741] | 在馆 | |
| 4 | 900982 | 209009829 | 第三借阅区/ [索取号:TU27/741] | 在馆 | |
| 5 | 900983 | 209009838 | 第三借阅区/ [索取号:TU27/741] | 在馆 |